| 000 | 00748cab a2200217 4500 | ||
|---|---|---|---|
| 001 | WB2909-12 | ||
| 008 | 090401t1993 xxu||||| |||| 00| 0 eng d | ||
| 035 | _a(Sirsi) u62991 | ||
| 041 | _aeng | ||
| 245 | _aLDDC looks at East End integration | ||
| 260 | _c1993 | ||
| 350 | _a0 | ||
| 490 |
_aBuilding Design _v(1113) 26 February 1993, 3 |
||
| 490 |
_aBuilding _v258(7784) 5 March 1993, 12(2) |
||
| 520 | _aThe LDDC has commissioned Llewelyn-Davies to undertake a feasibility study into how the St Vincent Estate and Dundee Wharf could be developed to link the East End with London Docklands. | ||
| 650 | _aEAST END OF LONDON | ||
| 650 | _aLONDON DOCKLANDS | ||
| 690 | _aPROPERTY-PROPERTY DEVELOPMENT | ||
| 942 | _n0 | ||
| 948 | _c04/03/1997 | ||
| 999 |
_c39150 _d39150 |
||